000 00297nam a22001097a 4500
008 170106b xxu||||| |||| 00| 0 eng d
020 _a0397544588
041 _aeng
080 _a618.2
245 _aESSETIALS OF NURSING RESEARCH METHODS AND APPLICATIONS
_cPOLIT, D.F & HUNGLER, B.P
942 _2udc
_cBK
999 _c2605
_d2605